|
|
|
|
| LEADER |
00000nam a22000007a 4500 |
| 005 |
20190917235355.0 |
| 007 |
cr|||| |||| |
| 008 |
190917s2019 at |||||s|||| 00||0 deu d |
| 020 |
|
|
|a 9786202222983
|
| 035 |
|
|
|a 30139
|
| 040 |
|
|
|a vLex
|
| 090 |
|
|
|c 9551
|d 9551
|
| 100 |
1 |
|
|a Hübner-Schwarzinger, Petra
|
| 245 |
1 |
0 |
|a Der Einsatz von Mediation im abgabenrechtlichen Verfahren
|h [Recurso electrn̤ico] /
|c Petra Hübner-Schwarzinger
|
| 256 |
|
|
|a Servicio en ln̕ea
|
| 260 |
|
|
|a Viena:
|b AV Akademikerverlag,
|c 2019
|
| 300 |
|
|
|a 1 recurso electrn̤ico
|
| 500 |
|
|
|a Das abgabenrechtliche Verfahren, welches sich von der Betriebsprüfung, über das Verfahren vor dem Bundesfinanzgericht bis zum VwGH-Verfahren erstreckt, stellt ein spezielles Konfliktfeld dar, in dem in Österreich – anders als in anderen Lñdern - alternative Konfliktbearbeitungstechniken kaum Eingang gefunden haben. In Analogie zu anderen Konfliktbereichen und im internationalen Vergleich wird im Rahmen des Buches untersucht, welche Techniken und Ausgestaltungen der Konfliktbearbeitung herangezogen werden kn̲nten. Durch Leitfadeninterviews werden Akteure des Konfliktfeldes, die sich aus Mitgliedern der Finanzverwaltung, Steuerberater, Abgabepflichtige und Richter zusammensetzen, zu Erfahrungen und Sichtweisen befragt. Schwc̃hen des derzeitigen Verfahrens werden aufgenommen und hinsichtlich Verbesserungsmg̲lichkeiten im Zusammenhang mit alternativen Konfliktbearbeitungsverfahren, insbesondere der Mediation, hinterfragt.
|
| 506 |
1 |
|
|a Disponible solo en los productos indicados
|d vLex Global
|d vLex Global (Academic Edition, excluding Law Schools)
|d vLex Global (U.S. Academic Edition, Law Schools)
|d vLex Global (U.S. Academic Edition, excluding Law Schools)
|d vLex Global (Academic Edition, Law Schools)
|
| 650 |
0 |
4 |
|a Derecho Fiscal
|z Austria
|
| 740 |
0 |
|
|a vLex Libros (Servicio en ln̕ea)
|
| 856 |
4 |
0 |
|u http://vlex.com/source/30139
|z Acceso restringido
|
| 942 |
|
|
|c BOOK
|
| 999 |
0 |
|
|a Tax Law
|